INTRODUCTION TO MODERN CRYPTOGRAPHY. (Record no. 216945)

MARC details
000 -LEADER
fixed length control field 00557nam a22001937a 4500
008 - FIXED-LENGTH DATA ELEMENTS--GENERAL INFORMATION
fixed length control field 260414b |||||||| |||| 00| 0 eng d
020 ## - INTERNATIONAL STANDARD BOOK NUMBER
International Standard Book Number 9780815354369
050 ## - LIBRARY OF CONGRESS CALL NUMBER
Classification number QA 76.9 .A25 K38 2021
100 ## - MAIN ENTRY--PERSONAL NAME
Personal name KATZ, JONATHAN
245 ## - TITLE STATEMENT
Title INTRODUCTION TO MODERN CRYPTOGRAPHY.
250 ## - EDITION STATEMENT
Edition statement 3RD
260 ## - PUBLICATION, DISTRIBUTION, ETC.
Place of publication, distribution, etc. BOCA RATON,
Name of publisher, distributor, etc. CRC PRESS TAYLOR AND FRANCIS GROUP,
Date of publication, distribution, etc. 2021
300 ## - PHYSICAL DESCRIPTION
Extent XX, 626 P, ILL
500 ## - GENERAL NOTE
General note INCLUDE INDEX.
650 ## - SUBJECT ADDED ENTRY
Topical term or geographic name entry element COMPUTER SECURITY , CRYPTOGRAPHY.
700 ## - ADDED ENTRY--PERSONAL NAME
Personal name LINDELL, YEHUDA
942 ## - ADDED ENTRY ELEMENTS (KOHA)
Source of classification or shelving scheme Library of Congress Classification
Koha item type Long Loan Book
Holdings
Withdrawn status Lost status Source of classification or shelving scheme Damaged status Not for loan Collection Home library Current library Shelving location Date acquired Inventory number Total checkouts Full call number Barcode Date last seen Copy number Price effective from Koha item type
    Library of Congress Classification     Science & Technology Kisii University Library Kisii University Library On Display 04/14/2026 112795   QA 76.9 .A25 K38 2021 a001277 04/14/2026 1 04/14/2026 Long Loan Book
    Library of Congress Classification     Science & Technology Kisii University Library Kisii University Library On Display 04/14/2026 112796   QA 76.9 .A25 K38 2021 a001287 04/14/2026 2 04/14/2026 Long Loan Book
    Library of Congress Classification     Science & Technology Kisii University Library Kisii University Library On Display 04/14/2026 112797   QA 76.9 .A25 K38 2021 a001283 04/14/2026 3 04/14/2026 Long Loan Book
    Library of Congress Classification     Science & Technology Kisii University Library Kisii University Library On Display 04/14/2026 112798   QA 76.9 .A25 K38 2021 a001284 04/14/2026 4 04/14/2026 Long Loan Book